Sports Quiz

Random Sports Quiz

Teams that do not end in S Quiz Stats

 Plays Quiz not verified by Sporcle

Score 0/9 Timer 05:00
0 Plays Today
% Correct
Miami Heat
82.9%
Utah Jazz
67.9%
Minnesota Wild
63.6%
Orlando Magic
62.9%
Oklahoma City Thunder
62.1%
Tampa Bay Lightning
52.1%
Boston Red Sox
37.9%
Chicago White Sox
37.9%
Colorado Avalanche
27.9%

You're not logged in!

Compare scores with friends on all Sporcle quizzes.
OR
Log In

You Might Also Like...

Show Comments

Extras

Created Mar 16, 2010ReportNominate
Tags:end, team

Top Quizzes Today


Score Distribution

Your Account Isn't Verified!

In order to create a playlist on Sporcle, you need to verify the email address you used during registration. Go to your Sporcle Settings to finish the process.

Report this User

Report this user for behavior that violates our Community Guidelines.

Details: